000 00664nam a2200217Ii 4500
003 JO-AjNU
008 230605s9999||||xx |||||||||||||| ||und||
017 _a2005/9/2242
040 _aJO-AjNU
_bara
_erda
_cJO-AjNU
041 _aara
050 1 4 _aCR101.U9.2006
100 3 _aالعزيزي، هاني عبدالرحيم,
_eauthor
_917563
245 0 0 _aأعلام دول العالم
250 _aط2 مزيدة ومنقحة
264 3 1 _aعمان: دار مجدلاوي، 2006
300 _a73ص
336 _atext
_btxt
_2rdacontent
337 _aunmediated
_bn
_2rdamedia
338 _avolume
_bnc
_2rdacarrier
650 4 _aاعلام الدول
_917564
999 _aA5450
_c9018
_d9018